[Event "Division Honor Grupo II"]
[Site ""]
[Date "2011.02.05"]
[Round "1.31"]
[White "Escuer Sanchez Nestor"]
[Black "Gimeno Diaz Fernando"]
[Result "1-0"]
[WhiteElo "2107"]
[BlackElo "1895"]

1.e4 c5 2.Nc3 d6 3.Bc4 e6 4.d3 Nc6 5.f4 Nf6 6.Nf3 Be7 7.O-O O-O 8.a4 a6 9.Qe1
d5 10.Bb3 Nd4 11.Nxd4 cxd4 12.Nd1 dxe4 13.dxe4 d3 14.Kh1 dxc2 15.Bxc2 Bd7 16.
Bd2 Bc6 17.Bc3 Rc8 18.Qe3 Qd7 19.Nf2 b5 20.axb5 axb5 21.Rfd1 Qe8 22.Qh3 g6 23.
Qh6 b4 24.Be5 Nh5 25.g4 f6 26.gxh5 fxe5 27.hxg6 hxg6 28.Rg1 Rf6 29.Ng4 Rxf4
30.Nxe5 Rf6 31.Nxg6 Bxe4+ 32.Bxe4 Rxg6 33.Rxg6+ Qxg6 34.Qxg6+ Kf8 35.Rf1+ 1-0

[Event "Division Honor Grupo II"]
[Site ""]
[Date "2011.02.05"]
[Round "1.32"]
[White "Gayan Carceller Miguel Angel"]
[Black "Felez Casedas Carlos"]
[Result "1-0"]
[WhiteElo "1883"]
[BlackElo "2042"]

1.d4 d5 2.Nf3 e6 3.c4 Nf6 4.Bg5 Be7 5.Nc3 O-O 6.e3 h6 7.Bh4 b6 8.Bd3 Bb7 9.O-O
c5 10.Rc1 Nc6 11.cxd5 exd5 12.dxc5 bxc5 13.Bxf6 Bxf6 14.Nxd5 Nb4 15.Nxb4 cxb4
16.b3 Qa5 17.Bb1 Rfd8 18.Qc2 g6 19.Qc4 Ba6 20.Qc6 Bc3 21.Rfd1 Be2 22.Rxd8+
Rxd8 23.Nd4 Bxd4 24.exd4 Qd5 25.Qc2 Bg4 26.h3 Bf5 27.Qd2 Bxb1 28.Rxb1 Qxd4 29.
Qxh6 Re8 30.Rc1 Qb2 31.h4 Qxa2 32.h5 Qa6 33.hxg6 Qxg6 34.Qf4 a5 35.Rc5 Qb1+
36.Kh2 Re6 37.Rg5+ Rg6 38.Rh5 Qb2 39.Qb8+ 1-0

[Event "Preferente Grupo I"]
[Site ""]
[Date "2011.02.05"]
[Round "1.33"]
[White "Pes Mateo Angel"]
[Black "Colas Longares Rafael P"]
[Result "0-1"]
[WhiteElo "2052"]
[BlackElo "2302"]

1.d4 g6 2.Nf3 Bg7 3.c3 d6 4.Bf4 f5 5.Qb3 Nf6 6.Ng5 d5 7.h4 Nc6 8.Nd2 Nh5 9.e3
Nxf4 10.exf4 Qd6 11.g3 h6 12.Ngf3 Qe6+ 13.Ne5 Nxe5 14.dxe5 b6 15.Bg2 Bb7 16.
Nf3 c5 17.Qa3 Qc6 18.O-O e6 19.b4 Bf8 20.Qb2 Rh7 21.Rfd1 Rc7 22.Rac1 Rac8 23.
bxc5 Bxc5 24.Bf1 a6 25.Ne1 Kf7 26.Bg2 Qa4 27.Rb1 b5 28.h5 g5 29.fxg5 hxg5 30.
Qd2 Qg4 31.Bf3 Qxg3+ 0-1

[Event "Preferente Grupo I"]
[Site ""]
[Date "2011.02.05"]
[Round "1.34"]
[White "Garcia Vicente Nieves"]
[Black "Forcen Esteban Victor"]
[Result "1-0"]
[WhiteElo "2220"]
[BlackElo "1945"]

1.d4 Nf6 2.c4 g6 3.Nc3 Bg7 4.Nf3 O-O 5.Bf4 d6 6.h3 c6 7.e3 Nbd7 8.Be2 Nh5 9.
Bh2 f5 10.g4 fxg4 11.Ng5 Qb6 12.Rb1 Bh6 13.c5 Qb4 14.a3 Qa5 15.b4 Qd8 16.Ne6
Qe8 17.Nxf8 Qxf8 18.hxg4 Nhf6 19.cxd6 exd6 20.Bxd6 Qxd6 21.Rxh6 Kg7 22.g5 Ng8
23.Rh1 Nf8 24.Bd3 Ne7 25.Qf3 Nf5 26.Ne4 Qe6 27.Nd2 Bd7 28.Qf4 Re8 29.Ne4 Qd5
30.Rh2 b6 31.Nf6 Ne6 32.Nxd5 1-0

[Event "Preferente Grupo I"]
[Site ""]
[Date "2011.02.05"]
[Round "1.35"]
[White "Sarrio Bambo Pablo"]
[Black "Cabrera Moreno Daniel"]
[Result "0-1"]
[WhiteElo "1885"]
[BlackElo "2193"]

1.d4 Nf6 2.c4 e6 3.Nc3 d5 4.Nf3 Be7 5.e3 O-O 6.cxd5 exd5 7.Be2 c6 8.O-O Nbd7
9.Qc2 Re8 10.a3 Bd6 11.Bd3 Nf8 12.b4 a6 13.e4 dxe4 14.Nxe4 Nxe4 15.Bxe4 Bg4
16.Ng5 h6 17.Bh7+ Nxh7 18.Qxh7+ Kf8 19.Qh8+ Ke7 20.Qxg7 Bh5 21.Ne4 Kd7 22.Nf6+
Kc8 23.Nxh5 Kb8 24.Bf4 Ka7 25.Bxd6 Qxd6 26.Ng3 h5 27.Rfe1 h4 28.Ne4 Qf4 29.Nc5
Rg8 30.Qe5 Qf3 31.g3 h3 32.Qe4 Qh5 33.d5 Rae8 34.Qd3 cxd5 35.Rac1 Ka8 36.Rxe8+
Rxe8 37.Nxa6 Qh6 38.Rd1 Qxa6 39.Qxd5 Qe2 40.Qd3 Qxd3 0-1

[Event "Preferente Grupo I"]
[Site ""]
[Date "2011.02.05"]
[Round "1.36"]
[White "Ferrer Serrano Roberto"]
[Black "Sanchez Gimeno MA"]
[Result "1-0"]
[WhiteElo "2131"]
[BlackElo "1883"]

1.d4 d5 2.c4 e6 3.Nc3 Be7 4.Nf3 Nf6 5.Bg5 O-O 6.e3 h6 7.Bh4 c6 8.Qc2 Nbd7 9.
Bd3 dxc4 10.Bxc4 Nd5 11.Bxe7 Qxe7 12.O-O N7f6 13.Rac1 Bd7 14.Rfd1 Ng4 15.Qd2
Rad8 16.h3 Ngf6 17.Bd3 Bc8 18.Na4 Nd7 19.Bb1 e5 20.e4 N5f6 21.Qa5 exd4 22.Nxd4
Rfe8 23.Qxa7 Nxe4 24.Nf5 Qf6 25.Bxe4 Rxe4 26.Nd6 Re7 27.Nxc8 Rxc8 28.Qxb7 Rce8
29.Qb4 Ne5 30.Nc5 Qg6 31.Qc3 Qg5 32.Ne4 Qg6 33.Ng3 Qe6 34.a4 Qc8 35.a5 Qb7 36.
f4 Qa7+ 37.Kh2 Ng6 38.Nf5 f6 39.Nxe7+ Rxe7 40.Qxc6 Nxf4 41.Qc4+ Ne6 42.Re1 Qd7
43.Rcd1 Qe8 44.Rxe6 1-0

[Event "Preferente Grupo I"]
[Site ""]
[Date "2011.02.05"]
[Round "1.37"]
[White "Malo Guillen Jose Luis"]
[Black "Donoso Sanchez Alejandro"]
[Result "0-1"]
[WhiteElo "2183"]
[BlackElo "2187"]

1.d4 Nf6 2.c4 c5 3.e3 g6 4.Nc3 Bg7 5.Nge2 O-O 6.g3 cxd4 7.exd4 d5 8.cxd5 Nxd5
9.Bg2 Nb6 10.O-O Nc6 11.d5 Ne5 12.Bf4 Bg4 13.h3 Bd7 14.b3 Rc8 15.Rc1 Bf5 16.d6
Nd3 17.dxe7 Qxe7 18.Nd5 Nxd5 19.Rxc8 Rxc8 20.Bxd5 Rd8 21.g4 Rxd5 22.Bd2 Bd7
23.Nc3 Bxc3 24.Bxc3 Nf4 25.Qf3 Ne2+ 26.Kh2 Qd6+ 0-1

[Event "Preferente Grupo I"]
[Site ""]
[Date "2011.02.05"]
[Round "1.38"]
[White "Sanmiguel Mateo Luis"]
[Black "Alonso Blasco Jose Miguel"]
[Result "0-1"]
[WhiteElo "1950"]
[BlackElo "2130"]

1.e4 c6 2.d4 d5 3.Nd2 dxe4 4.Nxe4 Nf6 5.Nxf6+ gxf6 6.g3 Qd5 7.Nf3 Bf5 8.c3 Nd7
9.Be3 O-O-O 10.Bg2 Qb5 11.Qb3 Qxb3 12.axb3 a6 13.O-O e6 14.b4 Be4 15.Rfe1 Bxf3
16.Bxf3 h5 17.h4 Bh6 18.Ra5 Bxe3 19.Rxe3 f5 20.Kf1 Nb6 21.b3 Nd5 22.Bxd5 Rxd5
23.Re5 Rxe5 24.Rxe5 Kd7 25.Ke2 Rg8 26.Kf3 Rg4 27.Kg2 f6 28.Re3 Kd6 29.f4 Rg7
30.Kf3 Rd7 31.Rd3 b6 32.c4 Ra7 33.c5+ Kd5 34.Ke3 b5 35.Rd2 a5 36.bxa5 Rxa5 37.
Rb2 Ra1 38.Rd2 Re1+ 39.Kd3 Rg1 0-1

[Event "Preferente Grupo I"]
[Site ""]
[Date "2011.02.05"]
[Round "1.39"]
[White "Javierre Conesa Alfonso"]
[Black "Serrano San Nicolas Angel"]
[Result "0-1"]
[WhiteElo "2058"]
[BlackElo "1940"]

1.d4 Nf6 2.Nf3 g6 3.g3 Bg7 4.Bg2 d6 5.c4 O-O 6.O-O Nbd7 7.Nc3 a6 8.h3 Nb6 9.b3
Rb8 10.e4 Bd7 11.Be3 h6 12.Rc1 Kh7 13.Qd2 Nc8 14.e5 Ng8 15.Rfd1 Qe8 16.Nd5 e6
17.Nf4 Nce7 18.g4 Nc6 19.h4 dxe5 20.dxe5 Rd8 21.Qc3 b6 22.h5 g5 23.Nh3 f6 24.
exf6 Bxf6 25.Qc2+ Kh8 26.Nd4 Nb4 27.Qb1 c5 28.Ne2 e5 29.f3 Nc6 30.Re1 Qf7 31.
Nf2 Nd4 32.Bxd4 exd4 33.Ng3 Bg7 34.Nfe4 Bc8 35.Qd3 Ne7 36.Rc2 Nc6 0-1

[Event "Preferente Grupo I"]
[Site ""]
[Date "2011.02.05"]
[Round "1.40"]
[White "Garcia Arrazola Jesus Maria"]
[Black "Mombiela de Sus Jose Luis"]
[Result "0-1"]
[WhiteElo "1675"]
[BlackElo "2018"]

1.d4 f5 2.Nf3 e6 3.Bf4 Nf6 4.e3 b6 5.Bd3 Bb7 6.Nbd2 Nc6 7.O-O Be7 8.Qe2 O-O 9.
Ba6 Bxa6 10.Qxa6 Rb8 11.Qe2 b5 12.a4 a6 13.axb5 axb5 14.c3 d6 15.Nb3 Qe8 16.
Na5 Nd8 17.b4 h6 18.h3 g5 19.Bg3 Qg6 20.Nh2 Ne4 21.Qe1 Nxg3 22.fxg3 e5 23.Qd2
e4 24.g4 fxg4 25.Rxf8+ Bxf8 26.Nxg4 h5 27.Nf2 d5 28.Qe2 Qe8 29.Nb3 Ne6 30.g4
h4 31.Ra7 Bd6 32.Qa2 Qc6 33.Nd1 Qc4 34.Ra8 Rf8 35.Rxf8+ Bxf8 36.Qc2 Bxb4 37.
Na5 Bxa5 0-1

[Event "Preferente Grupo I"]
[Site ""]
[Date "2011.02.05"]
[Round "1.41"]
[White "Antonano Fernandez Avelino"]
[Black "Andres Terrado Miguel Angel"]
[Result "1-0"]
[WhiteElo "2144"]
[BlackElo "2062"]

1.e4 c5 2.Nf3 d6 3.d4 cxd4 4.Nxd4 Nf6 5.Nc3 g6 6.Be2 Bg7 7.O-O O-O 8.Bg5 Nc6
9.Nb3 a5 10.a4 Be6 11.f4 Rc8 12.Kh1 Nb4 13.Nd4 Bc4 14.Ndb5 d5 15.e5 Ne8 16.
Bxc4 Rxc4 17.Qe2 f6 18.Rad1 Qc8 19.Bh4 fxe5 20.Bxe7 Rf7 21.Bxb4 axb4 22.Nxd5
Rxc2 23.Qd3 exf4 24.Rxf4 Rxf4 25.Ne7+ Kh8 26.Nxc8 Rxc8 27.Qe3 Rf5 28.g4 Re5
29.Qf4 b3 30.Nc3 Nc7 31.Qf7 Ne6 32.Qxb7 Rf8 33.Qxb3 Nc5 34.Qc4 h5 35.gxh5 Rxh5
36.Rd5 Rxd5 37.Nxd5 Nd7 38.Ne7 Ne5 39.Qh4+ 1-0

[Event "Preferente Grupo I"]
[Site ""]
[Date "2011.02.05"]
[Round "1.42"]
[White "Garcia Valer Jesus"]
[Black "Jaques Burguete Raul"]
[Result "1/2-1/2"]
[WhiteElo "1926"]
[BlackElo "2027"]

1.e4 d5 2.exd5 Nf6 3.c4 e6 4.d4 exd5 5.Nc3 Be6 6.Nf3 c6 7.cxd5 Nxd5 8.Bd3 Be7
9.O-O Nd7 10.Nxd5 Bxd5 11.Re1 O-O 12.Bc2 Bf6 13.Qd3 g6 14.Bh6 Re8 15.Bb3 Bxb3
16.Qxb3 Qb6 17.Qc4 Qa5 18.Bd2 Qf5 19.Bc3 Nb6 20.Qb3 Qd5 21.Qxd5 Nxd5 22.Rxe8+
Rxe8 23.Kf1 Kf8 24.Re1 Rxe1+ 25.Kxe1 Ke7 1/2-1/2

[Event "Preferente Grupo I"]
[Site ""]
[Date "2011.02.05"]
[Round "1.43"]
[White "Najera de Miguel Pedro"]
[Black "Naya Sancho Juan Manuel"]
[Result "1/2-1/2"]
[WhiteElo "2020"]
[BlackElo "1896"]

1.c4 e6 2.g3 d5 3.Bg2 c5 4.cxd5 exd5 5.Nf3 Nc6 6.O-O Nf6 7.d4 Be7 8.Nc3 O-O 9.
Bg5 cxd4 10.Nxd4 Re8 11.Rc1 h6 12.Be3 Be6 13.Nxc6 bxc6 14.Na4 Qa5 15.Rxc6 Bd7
16.Bd2 Bb4 17.Bxb4 Qxb4 18.a3 Qb5 19.Rxf6 gxf6 20.Nc3 Qxb2 21.Nxd5 Rad8 22.e4
Qe5 23.f4 Qd6 24.Qh5 Kg7 25.Kh1 f5 26.exf5 Qf8 27.f6+ Kh7 28.Ne7 Rxe7 29.fxe7
Qxe7 30.f5 Qf6 31.Qf3 Rc8 32.Qb7 Qd4 33.f6 Rc4 34.Qb8 Be6 35.h3 Qc5 36.Qb1+
Kg8 37.Qb8+ Kh7 38.Qb1+ Kg8 39.Rd1 Qc8 40.Qd3 Bxh3 41.Qd8+ Kh7 42.Qxc8 Bxg2+
43.Kxg2 Rxc8 44.Rd7 Kg6 45.Rxa7 Kxf6 46.Ra6+ Kg5 47.Ra5+ Kg4 48.Ra4+ Kg5 49.
Rb4 Rc2+ 50.Kh3 Rc3 51.a4 Ra3 52.Rb5+ f5 53.a5 h5 54.Kg2 Kg4 1/2-1/2

[Event "Preferente Grupo I"]
[Site ""]
[Date "2011.02.05"]
[Round "1.44"]
[White "Fleta Marin Sergio"]
[Black "Cebollada Pacheco Jesus Raul"]
[Result "0-1"]
[WhiteElo "1713"]
[BlackElo "1999"]

1.e4 e5 2.Nf3 Nc6 3.d4 exd4 4.Nxd4 Bc5 5.Nxc6 Qf6 6.Qd2 bxc6 7.Bd3 Ne7 8.O-O
O-O 9.Qg5 Qxg5 10.Bxg5 Ng6 11.Nd2 f6 12.Be3 Bxe3 13.fxe3 Rb8 14.b3 d6 15.Bc4+
Kh8 16.Nf3 Re8 17.Bd3 c5 18.Nd2 Bb7 19.a3 Ne5 20.Be2 a5 21.Bf3 Bc6 22.Rfe1 Kg8
23.Kf2 Rb6 24.Be2 g6 25.Nc4 Nxc4 26.Bxc4+ Kg7 27.Bd5 Re5 28.Bxc6 Rxc6 29.Kf3
Rb6 30.Red1 Rb8 31.b4 cxb4 32.axb4 Rxb4 33.Rd4 Rb2 34.Rc4 Rb7 35.Ke2 Kf7 36.
Ra3 Ke7 37.Kd3 Kd7 38.Rac3 Reb5 39.Ra4 Ra7 40.Rca3 Kc6 41.Ra1 Ra8 42.Rf1 Rf8
43.Rfa1 Kb6 44.c4 Re5 45.Rb1+ Kc6 46.Rba1 Rfe8 47.Rxa5 Rxe4 48.Ra6+ Kd7 49.Re1
f5 50.Re2 f4 51.Rf2 Rxe3+ 52.Kd2 g5 53.Ra5 R8e5 54.Ra8 Rb3 55.Kc2 Rbe3 56.Kd2
R5e4 57.Rh8 Rd4+ 58.Kc2 Rxc4+ 59.Kd2 Re7 60.Kd3 Ra4 61.Rb2 Re3+ 62.Kd2 Rd4+
63.Kc1 Re1+ 64.Kc2 Re2+ 65.Kc3 Rxb2 66.Kxd4 Rxg2 67.Rxh7+ Ke6 68.Ke4 d5+ 69.
Kf3 Rc2 70.Rh6+ Kf5 71.Rh5 Rc3+ 72.Ke2 Kg4 73.Rh7 f3+ 74.Kf2 Rc2+ 75.Ke3 Re2+
76.Kd3 Re4 77.Rxc7 f2 78.Rf7 Rf4 0-1

[Event "Preferente Grupo I"]
[Site ""]
[Date "2011.02.05"]
[Round "1.45"]
[White "Dominguez Bujeda Jesus"]
[Black "Lana Rodriguez David"]
[Result "0-1"]
[WhiteElo "2138"]
[BlackElo "2227"]

1.d4 d5 2.c4 c6 3.Nf3 Nf6 4.Nc3 a6 5.Bf4 Bg4 6.Ne5 Bf5 7.Qb3 b5 8.cxd5 cxd5 9.
e4 Bxe4 10.a4 e6 11.axb5 Qb6 12.Qa4 a5 13.Bd2 Bg6 14.Be2 Bb4 15.O-O O-O 16.
Rfd1 Qxd4 17.Nf3 Qb6 18.Be3 Qb7 19.Ne5 Rc8 20.h4 Bd6 21.f4 Ne4 22.Nxg6 Nxc3
23.bxc3 hxg6 24.h5 gxh5 25.f5 Rxc3 26.Bd4 Rg3 27.fxe6 fxe6 28.Bf2 Rg5 29.Bh4
Rf5 30.Rf1 Nd7 31.Rxf5 exf5 32.Bxh5 Nc5 33.Rd1 Nxa4 0-1

[Event "Preferente Grupo I"]
[Site ""]
[Date "2011.02.05"]
[Round "1.46"]
[White "Aparicio Navarro Pedro Jose"]
[Black "Arpa Pardo Emilio"]
[Result "1-0"]
[WhiteElo "2179"]
[BlackElo "2083"]

1.Nf3 Nf6 2.d4 c5 3.d5 d6 4.Nc3 e5 5.e4 Be7 6.Be2 O-O 7.O-O Ne8 8.Be3 Bg4 9.
Nd2 Bxe2 10.Qxe2 Bg5 11.Nc4 Na6 12.f4 exf4 13.Bxf4 Bxf4 14.Rxf4 Nac7 15.a4 Nf6
16.Raf1 Qe7 17.Ne3 Rfe8 18.Rxf6 gxf6 19.Nf5 Qf8 20.Qg4+ Kh8 21.Qh4 h6 22.Rf3
Kh7 23.Qxf6 Re5 24.Rh3 Rxf5 25.Qxf5+ Kh8 26.Qf6+ Kh7 27.Rf3 Kg8 28.Nd1 Re8 29.
Ne3 Re5 30.Nf5 Ne8 31.Nxh6+ Kh7 32.Qxf7+ Qxf7 33.Nxf7 Re7 34.Ng5+ Kg6 35.Ne6
Nf6 1-0

[Event "Preferente Grupo I"]
[Site ""]
[Date "2011.02.05"]
[Round "1.48"]
[White "Prat Guisado Christian"]
[Black "Barcena Laguia Francisco"]
[Result "1/2-1/2"]
[WhiteElo "2055"]
[BlackElo "1915"]

1.d4 Nf6 2.c4 c5 3.d5 d6 4.Nc3 e5 5.e4 Be7 6.Bd3 Nbd7 7.Nge2 h5 8.h3 h4 9.Be3
Nh5 10.Qd2 Nf8 11.O-O-O Ng6 12.g4 Nhf4 13.Kb1 Bg5 14.f3 a6 15.Nxf4 exf4 16.Bg1
Ne5 17.Rf1 Bh6 18.Be2 g5 19.Nd1 Bd7 20.Nf2 Rb8 21.Nd3 Bg7 22.Nxe5 Bxe5 23.Bf2
b5 24.cxb5 Bxb5 25.Bxb5+ Rxb5 26.b3 c4 27.Bd4 f6 28.Bxe5 fxe5 29.Qc3 Rh7 30.
Qxc4 Rc7 31.Qd3 Qb8 32.Rc1 Rcb7 33.Rc3 a5 34.Rhc1 Kd7 35.Qc4 Rc5 36.Qa4+ Rcb5
37.Qc4 Rc5 38.Qa4+ Rcb5 1/2-1/2

[Event "Preferente Grupo I"]
[Site ""]
[Date "2011.02.05"]
[Round "1.49"]
[White "Gimenez Rebollo Pablo"]
[Black "Colom Sienes Eduardo"]
[Result "0-1"]
[WhiteElo "1975"]
[BlackElo "2026"]

1.e4 e6 2.d4 d5 3.e5 c5 4.Nf3 Nc6 5.c3 Qb6 6.a3 Nh6 7.b4 cxd4 8.cxd4 Nf5 9.Bb2
Be7 10.b5 a6 11.a4 axb5 12.Bxb5 O-O 13.h4 Bb4+ 14.Kf1 f6 15.Na3 fxe5 16.Bxc6
bxc6 17.Nc2 e4 18.Nxb4 Qxb4 19.Ba3 Qc4+ 20.Kg1 exf3 21.g4 Nxd4 22.Bxf8 Ne2+
23.Kh2 0-1

[Event "Preferente Grupo I"]
[Site ""]
[Date "2011.02.12"]
[Round "1.50"]
[White "Sanmartin Agustin Alvaro"]
[Black "Sierra Diego Vicente"]
[Result "1-0"]
[WhiteElo "1994"]
[BlackElo "1901"]

1.e4 c5 2.Nc3 e6 3.g3 Nc6 4.Bg2 a6 5.d3 Qc7 6.f4 d6 7.Nh3 g6 8.Be3 Nf6 9.O-O
h5 10.Qe2 Nd4 11.Bxd4 cxd4 12.Nd1 Ng4 13.f5 Bh6 14.Nf4 g5 15.Nxh5 exf5 16.
exf5+ Ne5 17.c3 1-0

[Event "Preferente Grupo I"]
[Site ""]
[Date "2011.02.05"]
[Round "1.51"]
[White "Casado Gonzalez Manuel"]
[Black "Sacristan Latorre Alberto"]
[Result "0-1"]
[WhiteElo "1894"]
[BlackElo "1959"]

1.d4 Nf6 2.Nf3 g6 3.c4 Bg7 4.Nc3 O-O 5.Bg5 h6 6.Bh4 d6 7.e3 Nbd7 8.Bd3 c6 9.
Qc2 e5 10.d5 Qa5 11.a3 e4 12.Bxe4 Nxe4 13.Qxe4 Bxc3+ 14.bxc3 Qxc3+ 15.Ke2 Nc5
16.Qd4 Qc2+ 17.Kf1 Nb3 18.Qd1 Nxa1 19.Qxa1 Qxc4+ 20.Ke1 Qxd5 21.Bf6 Kh7 22.h4
Bg4 23.Ng5+ hxg5 24.hxg5+ Bh5 25.Qb2 Kg8 26.f3 Rae8 27.Ke2 Re6 28.g4 Rfe8 29.
e4 Rxe4+ 30.fxe4 Rxe4+ 31.Kf2 0-1

[Event "Preferente Grupo I"]
[Site ""]
[Date "2011.02.12"]
[Round "1.52"]
[White "Gomez Salinas Nestor"]
[Black "Gargallo Serrano David"]
[Result "1-0"]
[WhiteElo "1845"]
[BlackElo "1812"]

1.e4 e6 2.d4 d5 3.Nc3 Nf6 4.Bg5 Be7 5.e5 Nfd7 6.h4 O-O 7.Qg4 f5 8.Qh5 c5 9.Nf3
a6 10.Ne2 Nc6 11.Nf4 Nb6 12.dxc5 Na4 13.Bxe7 Qxe7 14.Ng5 g6 15.Qh6 Nxc5 16.h5
Qg7 17.hxg6 Qxe5+ 18.Be2 Qg7 19.gxh7+ 1-0

[Event "Preferente Grupo II"]
[Site ""]
[Date "2011.02.05"]
[Round "1.53"]
[White "Martinez Asensio Juan M"]
[Black "Ansola Marquinez Alberto"]
[Result "1-0"]
[WhiteElo "2144"]
[BlackElo "2090"]

1.c4 Nc6 2.g3 e5 3.Bg2 g6 4.Nc3 Bg7 5.e4 d6 6.Nge2 Be6 7.Nd5 Qd7 8.O-O Nge7 9.
d3 O-O 10.Be3 f5 11.Qd2 Nd4 12.Nxe7+ Qxe7 13.Bxd4 exd4 14.exf5 Bxf5 15.Bxb7
Rab8 16.Bg2 Qe5 17.Rae1 Qc5 18.Nc1 a5 19.Re2 a4 20.Rfe1 Be5 21.h3 Qb4 22.Qxb4
Rxb4 23.Kh2 g5 24.Bc6 Rfb8 25.b3 axb3 26.axb3 R4b6 27.Bd5+ Kg7 28.Ra2 Kf6 29.
Ree2 h5 30.Ra7 c6 31.Bf3 g4 32.hxg4 hxg4 33.Bg2 Rh8+ 34.Kg1 Be6 35.Rea2 Rc8
36.R7a6 Rxa6 37.Rxa6 c5 38.Ra7 Rb8 39.Be4 Rb6 40.Kf1 Rb8 41.Ra8 Rxa8 42.Bxa8
Ke7 43.Ke2 Kd7 44.Na2 Kc7 45.b4 cxb4 46.Nxb4 Kb6 47.Bd5 Bd7 48.Bf7 Bf5 49.Nd5+
Kc5 50.Ne7 Bd7 51.Bg6 Be6 52.Bf5 Bxf5 53.Nxf5 d5 54.cxd5 Kxd5 55.Nh6 Bg7 56.
Nxg4 Ke6 57.f4 Kf5 58.Kf3 Bf8 59.Nf2 Bd6 60.g4+ Kf6 1-0

[Event "Preferente Grupo II"]
[Site ""]
[Date "2011.02.05"]
[Round "1.54"]
[White "Garcia Asenjo Antonio"]
[Black "Carruez Berges Santiago"]
[Result "0-1"]
[WhiteElo "2017"]
[BlackElo "2110"]

1.e4 e6 2.d4 d5 3.exd5 exd5 4.Bd3 Bd6 5.c3 Nc6 6.Nf3 Bg4 7.h3 Bh5 8.Be3 Nf6 9.
Nbd2 Qd7 10.Qe2 Bg6 11.O-O-O O-O-O 12.Nh4 Bxd3 13.Qxd3 Rde8 14.Nf5 Bf8 15.g4
h5 16.f3 g6 17.Nh4 Bd6 18.Ng2 Re6 19.Bf2 Na5 20.Rde1 Rxe1+ 21.Rxe1 hxg4 22.
fxg4 Qa4 23.Kb1 Nc4 24.Nxc4 Qxc4 25.Qxc4 dxc4 26.Re3 Kd7 27.Kc2 Nd5 28.Rf3 Ke6
29.h4 f5 30.gxf5+ gxf5 31.Ne3 Nxe3+ 32.Rxe3+ Kd5 33.Kd1 f4 34.Rh3 Rh5 35.Ke2
Ke4 36.Be1 Be7 37.Bf2 b5 38.Rh1 f3+ 39.Kd1 Kf4 40.Kd2 Bf6 41.b3 a6 42.b4 c6
43.a3 Bd8 44.Kc2 Be7 45.Kd2 Bf6 46.Kc2 Rh8 47.Kd2 Rg8 48.Be3+ Ke4 49.Re1 Rg2+
50.Kd1 Kd3 51.Bf4 Re2 52.Rf1 Ke4 53.Bg5 Bxg5 54.hxg5 Rg2 55.Ke1 Rxg5 56.Rf2
Rg1+ 0-1

[Event "Preferente Grupo II"]
[Site ""]
[Date "2011.02.05"]
[Round "1.55"]
[White "Larrosa Poves Jose Manuel"]
[Black "Argueso Pascual Jorge"]
[Result "1/2-1/2"]
[WhiteElo "2067"]
[BlackElo "2000"]

1.d4 d5 2.c4 e6 3.Nc3 Nf6 4.Bg5 Be7 5.e3 O-O 6.Nf3 h6 7.Bh4 Ne4 8.Bxe7 Qxe7 9.
Qc2 Nxc3 10.Qxc3 dxc4 11.Bxc4 c5 12.O-O Nc6 13.a3 cxd4 14.exd4 Rd8 15.Rfd1 Bd7
16.Qe3 Rac8 17.Rac1 Be8 18.Ba2 Qf6 19.Qe4 a6 20.Bb1 g6 21.h4 Nxd4 22.Nxd4 Rxc1
23.Rxc1 Rxd4 24.Qxb7 Rd2 25.Qa7 Kg7 26.h5 gxh5 27.b4 Bc6 28.Qe3 Rd6 29.Be4
Bxe4 30.Qxe4 Qg5 31.Rc5 Rd1+ 32.Kh2 Qf6 33.Qe3 Rd4 34.Rxh5 Rh4+ 35.Rxh4 Qxh4+
36.Kg1 Qf6 37.g3 Qf5 38.Kg2 Qd5+ 39.Qf3 Qb5 40.Qg4+ Kf8 41.Qe4 Kg8 42.Qe3 Qd5+
43.Qf3 Qb5 44.Qa8+ Kg7 45.Qe4 h5 46.Qd4+ Kg6 1/2-1/2

[Event "Preferente Grupo II"]
[Site ""]
[Date "2011.02.05"]
[Round "1.56"]
[White "Ruiz Gutierrez Manuel"]
[Black "Tirapo Larcuen Ana"]
[Result "1-0"]
[WhiteElo "1870"]
[BlackElo "1942"]

1.d4 g6 2.Nf3 Bg7 3.e4 d6 4.h3 Nf6 5.Bd3 c6 6.O-O Qc7 7.c4 O-O 8.Nc3 e5 9.Be3
Nh5 10.Qd2 f5 11.exf5 gxf5 12.dxe5 dxe5 13.Bc2 Na6 14.Bg5 Be6 15.Bb3 Rf7 16.
Rfd1 Rd7 17.Qe2 h6 18.Rxd7 Qxd7 19.Rd1 Qc7 20.Bc1 Bf7 21.Nh4 Qc8 22.Qd3 e4 23.
Qd6 Bf8 24.Qe5 Be6 25.Rd8 Qxd8 26.Qxe6+ Kh8 27.Qxf5 Qxh4 28.Nxe4 Ng7 29.Qg6
Qh5 30.Qf6 Re8 31.Bc2 Nb8 32.g4 Qxh3 33.Qg6 Re6 34.Qf7 Qxg4+ 35.Kf1 Qf5 36.
Qxb7 Qh3+ 37.Kg1 Rg6+ 38.Ng3 Re6 39.Bd2 Bd6 40.Qc8+ Ne8 41.Bc3+ Kg8 42.Bf5 Qh4
43.Qxe6+ Kf8 44.Bg6 Qe7 45.Qf5+ Kg8 46.Bxe8 Qxe8 47.Qf6 Qe7 48.Qg6+ Kf8 49.Nf5
Bh2+ 50.Kxh2 Qc7+ 51.Qd6+ Qxd6+ 52.Nxd6 Ke7 1-0

[Event "Preferente Grupo II"]
[Site ""]
[Date "2011.02.05"]
[Round "1.58"]
[White "Galvez Perez Jose Luis"]
[Black "Horton Justin"]
[Result "0-1"]
[WhiteElo "1972"]
[BlackElo "2112"]

1.e4 e5 2.Nf3 Nc6 3.d4 exd4 4.Bc4 Nf6 5.e5 Ne4 6.Bd5 Nc5 7.O-O Be7 8.Re1 Ne6
9.Nbd2 d6 10.Bxc6+ bxc6 11.Ne4 dxe5 12.Nxe5 Qd5 13.Ng3 O-O 14.f4 Bd6 15.Bd2 f6
16.Nd3 Ba6 17.Nh5 g6 18.Qg4 Bxd3 19.cxd3 f5 20.Qe2 Rae8 21.b3 gxh5 22.Qxh5 Ng7
23.Qg5 Qf7 24.Qg3 Rxe1+ 25.Bxe1 Re8 26.Bf2 Qd5 27.h4 Re6 28.h5 Kf7 29.Qh4 Be7
30.Qh3 Rh6 31.Re1 Bf6 0-1

[Event "Preferente Grupo II"]
[Site ""]
[Date "2011.02.05"]
[Round "1.59"]
[White "Perez Puyal Jose J"]
[Black "Buil Montanes Carlos"]
[Result "1-0"]
[WhiteElo "1961"]
[BlackElo "1903"]

1.d4 d5 2.Nf3 Nf6 3.e3 Bg4 4.c4 dxc4 5.Bxc4 e6 6.Nbd2 Nbd7 7.O-O Bb4 8.Qb3 c5
9.dxc5 Bxd2 10.Nxd2 Qc7 11.h3 Bf5 12.Qa4 O-O 13.b4 a5 14.Ba3 axb4 15.Qxb4 Ne5
16.Be2 Nd5 17.Qb2 Bd3 18.Bxd3 Nxd3 19.Qb3 Nxc5 20.Bxc5 Qxc5 21.Rfc1 Qe7 22.a4
h6 23.Nf3 Rfc8 24.Nd4 Rxc1+ 25.Rxc1 Qb4 26.Qxb4 Nxb4 27.Rc7 Rxa4 28.Rxb7 Ra1+
29.Kh2 Nd3 30.Kg3 Ra2 31.Nf3 Nxf2 32.Ne5 Ne4+ 33.Kf3 Ng5+ 34.Kg3 Ra4 35.Nc6
Ra3 36.Kf4 Ra1 37.h4 Rf1+ 38.Kg4 Ne4 39.g3 h5+ 40.Kh3 Rf3 41.Nd8 Rxg3+ 42.Kh2
Rf3 43.Kg2 Rf2+ 44.Kg1 Rf5 45.Nc6 Rf3 46.Ne5 Nd6 47.Rb8+ 1-0

[Event "Preferente Grupo II"]
[Site ""]
[Date "2011.02.05"]
[Round "1.60"]
[White "Minguez Guinda Andres"]
[Black "Mancho Fondevila Jorge"]
[Result "1/2-1/2"]
[WhiteElo "1896"]
[BlackElo "1810"]

1.d4 d5 2.c4 c6 3.Nf3 Nf6 4.Nc3 g6 5.cxd5 cxd5 6.Bf4 Nc6 7.e3 Bg7 8.Bd3 O-O 9.
Rc1 b6 10.h3 Bb7 11.O-O Rc8 12.Qe2 Nb4 13.Bb5 a6 14.Ba4 b5 15.Bb3 Ne4 16.a4
bxa4 17.Nxa4 a5 18.Rxc8 Bxc8 19.Ra1 Ba6 20.Qd1 Nd3 21.Bh2 Ndxf2 22.Qb1 Bh6 23.
Bf4 Bxf4 24.exf4 Qd6 25.Qc1 Nd3 26.Qe3 Nxf4 27.Ne5 Ne2+ 28.Kh2 f6 29.Qxe4 fxe5
30.dxe5 Qc7 31.Qxd5+ Kg7 32.Nc5 Bc8 33.Nd3 Qb6 34.Nc5 Nf4 35.Qd4 Qc6 36.Ne4
Bb7 37.Re1 1/2-1/2

[Event "Preferente Grupo II"]
[Site ""]
[Date "2011.02.05"]
[Round "1.61"]
[White "Fandino Roquelina"]
[Black "Hinojar Basa Alfonso"]
[Result "1/2-1/2"]
[WhiteElo "2148"]
[BlackElo "2200"]

1.e4 e6 2.d4 d5 3.e5 c5 4.c3 Qb6 5.Nf3 Nc6 6.a3 Nh6 7.b4 cxd4 8.cxd4 Nf5 9.Bb2
Bd7 10.Be2 Be7 11.O-O f6 12.Bd3 fxe5 13.Bxf5 e4 14.Bxe4 dxe4 15.Nfd2 O-O-O 16.
Nxe4 Be8 17.Nc5 e5 18.Qg4+ Kb8 19.Ne6 exd4 20.Nxd8 Qxd8 21.Nd2 Qd5 22.Qf3 Qd7
23.Nc4 Bf6 24.Rfe1 Bf7 25.Qg3+ 1/2-1/2

[Event "Preferente Grupo II"]
[Site ""]
[Date "2011.02.05"]
[Round "1.64"]
[White "Ruiperez Gumiel Ramon"]
[Black "Olivan Alvira Alejandro"]
[Result "1/2-1/2"]
[WhiteElo "1951"]
[BlackElo "1573"]

1.Nf3 Nf6 2.c4 e6 3.g3 d5 4.b3 c6 5.Bg2 Nbd7 6.cxd5 cxd5 7.Bb2 Be7 8.O-O O-O
9.d4 b6 10.Ne5 Bb7 11.Nd2 Rc8 12.Rc1 a5 13.Rxc8 Qxc8 14.Qb1 Qb8 15.Nxd7 Nxd7
16.Rc1 Rc8 17.Rc2 Rc6 18.e4 Qc8 19.Rxc6 Qxc6 20.exd5 exd5 21.Nc4 Nf6 22.Ne5
Qc7 23.Qc1 Qd6 24.g4 h6 25.g5 hxg5 26.Qxg5 Ba6 27.Qf5 Qe6 28.Qxe6 fxe6 29.Bh3
Bc8 30.Bc1 Ne4 31.Nc6 Bh4 32.Be3 Kf7 33.b4 axb4 34.Nxb4 b5 35.Nxd5 Nf6 36.Nc3
b4 37.Na4 Nd5 38.Nc5 Be7 39.Bf1 1/2-1/2

[Event "Preferente Grupo II"]
[Site ""]
[Date "2011.02.05"]
[Round "1.65"]
[White "Gimeno Oteo Marco Antonio"]
[Black "Palacios Latasa Elias"]
[Result "0-1"]
[WhiteElo "2152"]
[BlackElo "2198"]

1.e4 e5 2.f4 d5 3.exd5 e4 4.d3 Nf6 5.dxe4 Nxe4 6.Nf3 Bc5 7.Qe2 f5 8.Nc3 Bf2+
9.Kd1 O-O 10.Nd2 Bb6 11.Ndxe4 fxe4 12.Qxe4 Nc6 13.Bd3 Bf5 14.Qf3 Nd4 15.Qg3 c6
16.Re1 cxd5 17.Re5 Qd7 18.Bd2 Bxd3 19.Qxd3 Qg4+ 20.Kc1 Qxg2 21.b3 Rad8 22.Kb2
Nf3 23.Re2 Qg4 24.Rf1 Nxd2 25.Qxd2 Ba5 26.Rg2 Qh3 27.Rfg1 d4 28.Rxg7+ Kh8 29.
Qe2 Bxc3+ 30.Kb1 d3 31.Qe7 dxc2+ 32.Kxc2 Qd3+ 0-1

[Event "Preferente Grupo II"]
[Site ""]
[Date "2011.02.05"]
[Round "1.66"]
[White "De la Riva Fernandez Eduardo"]
[Black "Cebrian Valverde Jose Antonio"]
[Result "1-0"]
[WhiteElo "1995"]
[BlackElo "2138"]

1.e4 e6 2.d4 d5 3.Nd2 Be7 4.Bd3 c5 5.c3 Nc6 6.Ne2 cxd4 7.cxd4 dxe4 8.Nxe4 Nf6
9.O-O O-O 10.Bg5 Nxd4 11.Nxd4 Qxd4 12.Qc2 h6 13.Be3 Qe5 14.f4 Qh5 15.Ng3 Qh4
16.Rf3 Ng4 17.Nf1 Nxe3 18.Nxe3 Bd7 19.Raf1 Rac8 20.Qe2 Bc5 21.Kh1 Bc6 22.Rg3
Rcd8 23.Nc4 Rd4 24.Qe5 g5 25.fxg5 Rg4 26.gxh6 f5 27.Qxe6+ Rf7 28.Ne5 Rxg3 29.
Qxf7+ Kh8 30.Ng6+ Rxg6 31.Qxg6 Qg4 32.Qf6+ Kg8 33.h7+ 1-0